| 000 | 00678nam a22001337a 4500 | ||
|---|---|---|---|
| 008 | 110628t xxu||||| |||| 00| 0 eng d | ||
| 010 | _aHCCAF114 | ||
| 245 | _aHigh Court Civil Appeal No. MMB 7 OF 1991 (From Civil Appeal No. MMB 92/83 of Mbarara) Kenengyere & Kifendere Vs Nyamagoye | ||
| 260 | _c1991 | ||
| 500 | _aBEFORE: THE HON. MR. JUSTICE A.N. KAROKORA | ||
| 999 |
_c4209 _d4209 |
||